Southville International School and Colleges
Your cart is empty.
  • Cart
  • Lists
    Public lists Eva Luna New books Lux_list list_1
    Your lists Log in to create your own lists
  • Log in to your account
  • Your cookies
  • Search history
Southville International School and Colleges
  • Advanced search
  • Recent comments
  • Most popular
  • Libraries

Log in to your account

Log in with GOOGLE


If you do not have an external account, but do have a local account, you can still log in:

  1. Home
  2. MARC view: Leaders and lawyers /
Normal view MARC view ISBD view

Leaders and lawyers / (Record no. 8962)

[ view plain ]
MARC details
000 -LEADER
fixed length control field 00538nam a22001937a 4500
003 - CONTROL NUMBER IDENTIFIER
control field OSt
005 - DATE AND TIME OF LATEST TRANSACTION
control field 20140310182050.0
008 - FIXED-LENGTH DATA ELEMENTS--GENERAL INFORMATION
fixed length control field 130822t xxu||||| |||| 00| 0 eng d
020 ## - INTERNATIONAL STANDARD BOOK NUMBER
International Standard Book Number 0816013675
050 ## - LIBRARY OF CONGRESS CALL NUMBER
Classification number HF 5382
Item number .F693 1986
082 ## - DEWEY DECIMAL CLASSIFICATION NUMBER
Classification number HS 331.702
Item number F84 1986
100 ## - MAIN ENTRY--PERSONAL NAME
Personal name Frank, Irene M.
9 (RLIN) 11968
245 ## - TITLE STATEMENT
Title Leaders and lawyers /
Statement of responsibility, etc Irene M. Frank.
260 ## - PUBLICATION, DISTRIBUTION, ETC. (IMPRINT)
Place of publication, distribution, etc New York :
Name of publisher, distributor, etc Facts on File Publications,
Date of publication, distribution, etc 1986.
300 ## - PHYSICAL DESCRIPTION
Extent 188 p. ;
Dimensions 24 cm.
650 ## - SUBJECT ADDED ENTRY--TOPICAL TERM
Topical term or geographic name as entry element Occupations
General subdivision Juvenile Literature
9 (RLIN) 11969
942 ## - ADDED ENTRY ELEMENTS (KOHA)
Source of classification or shelving scheme Library of Congress Classification
Holdings
Withdrawn status Lost status Source of classification or shelving scheme Damaged status Home library Current library Shelving location Date acquired Total Checkouts Full call number Barcode Date last seen Copy number Price effective from Koha item type
    Library of Congress Classification   Luxembourg Library Luxembourg Library High School Section 08/22/2013   HF 5382 .F693 1986 0127 05/25/2015 1 08/22/2013 Books

Leaders and lawyers /

APA

Frank I. M., . (1986). Leaders and lawyers. New York: Facts on File Publications.

Chicago

Frank Irene M, . 1986. Leaders and lawyers. New York: Facts on File Publications.

Harvard

Frank I. M., . (1986). Leaders and lawyers. New York: Facts on File Publications.

MLA

Frank Irene M, . Leaders and lawyers. New York: Facts on File Publications. 1986.

  • Place hold
  • Print
  • Cite
  • Add to your cart (remove)
  • Save record
    BIBTEX Dublin Core MARCXML MARC (non-Unicode/MARC-8) MARC (Unicode/UTF-8) MARC (Unicode/UTF-8, Standard) MODS (XML) RIS
  • More searches
    Search for this title in:
    Other Libraries (WorldCat) Other Databases (Google Scholar) Online Stores (Bookfinder.com) Open Library (openlibrary.org)

Exporting to Dublin Core...

SOUTHVILLE LIBRARY

Southville International School and Colleges Library

1281 Tropical Ave. Cor. Luxembourg St., BF Homes International, Las Pinas City

Tel. No. 8256374 / 252358 Loc. 117/146

Powered by Koha